000 00489cam a2200181ua 4500
020 _a81-224-0850-8
_c200.00
041 _aeng
_h
082 _a020
_bSAT/PR
100 _aSatyanarayana, N.R .
245 0 0 _aProblems of information science /
_cN.R Satyanarayana.
_hTextual Documents
260 _aNew Delhi :
_bNew Age International Ltd ,
_c1996.
300 _a186 ; .
365 _a200.00
504 _a
700 1 _aSatyanarayana, R .
942 _cBK
999 _c9040
_d9040